<?xml version="1.0" encoding="UTF-8"?>
<collection xmlns="http://www.loc.gov/MARC21/slim">
    <record>
        <controlfield tag="001">11195</controlfield>
        <controlfield tag="005">20170831220452.0</controlfield>
        <datafield tag="037" ind1=" " ind2=" ">
            <subfield code="a">TAZ-TFM-2013-274</subfield>
        </datafield>
        <datafield tag="041" ind1=" " ind2=" ">
            <subfield code="a">spa</subfield>
        </datafield>
        <datafield tag="100" ind1="1" ind2=" ">
            <subfield code="a">Zaera Alquézar, Ana Carmen</subfield>
        </datafield>
        <datafield tag="245" ind1="0" ind2="0">
            <subfield code="a">Trabajo Fin de Máster. Especialidad: Procesos Sanitarios</subfield>
        </datafield>
        <datafield tag="260" ind1=" " ind2=" ">
            <subfield code="a">Zaragoza</subfield>
            <subfield code="b">Universidad de Zaragoza</subfield>
            <subfield code="c">2013</subfield>
        </datafield>
        <datafield tag="506" ind1=" " ind2=" ">
            <subfield code="a">by-nc-sa</subfield>
            <subfield code="b">Creative Commons</subfield>
            <subfield code="c">3.0</subfield>
            <subfield code="u">http://creativecommons.org/licenses/by-nc-sa/3.0/</subfield>
        </datafield>
        <datafield tag="520" ind1=" " ind2=" ">
            <subfield code="a">Durante este Trabajo Fin de Máster se va a demostrar que, como alumna, he alcanzado el resultado de aprendizaje que define la asignatura, según la guía docente, que es:  “Demostrar que es capaz de hacer una reflexión crítica sobre los procesos de aprendizaje y la práctica docente a partir de la experiencia adquirida a lo largo del Máster, sintetizada en una memoria (…) que se presentará y defenderá ante un tribunal.” En los siguientes puntos de esta memoria se va a reflejar el compendio de la formación adquirida a lo largo de todas las enseñanzas del máster, partiendo de tres tareas que he realizado en él como alumna, justificando la selección de estas tres tareas para después reflexionar y sintetizar sobre mi propio proceso formativo.  Se dejará constancia de las relaciones que se establecen entre cada uno de las tareas seleccionadas. Así mismo, se van a detallar aquellas asignaturas que han llevado a poder adquirir las competencias del máster y las específicas de este Trabajo Fin de Máster, asociadas al resultado de aprendizaje mencionado. En un último apartado pasaré a profundizar en las necesidades formativas que considero como una mejora en mi docencia y finalizaré con las conclusiones entre la estrecha relación de la docencia y mi profesión como enfermera.</subfield>
        </datafield>
        <datafield tag="521" ind1=" " ind2=" ">
            <subfield code="a">Máster Universitario en Profesorado de Educación Secundaria Obligatoria, Bachillerato, Formación Profesional y Enseñanza de Idiomas, Artísticas y Deportivas</subfield>
        </datafield>
        <datafield tag="540" ind1=" " ind2=" ">
            <subfield code="a">Derechos regulados por licencia Creative Commons</subfield>
        </datafield>
        <datafield tag="653" ind1="1" ind2=" ">
            <subfield code="a">procesos sanitarios</subfield>
        </datafield>
        <datafield tag="700" ind1=" " ind2=" ">
            <subfield code="a">Rodríguez Casals, Carlos</subfield>
            <subfield code="e">dir.</subfield>
        </datafield>
        <datafield tag="710" ind1="2" ind2=" ">
            <subfield code="a">Universidad de Zaragoza</subfield>
            <subfield code="b">Didáctica de las Ciencias Experimentales</subfield>
            <subfield code="c"></subfield>
        </datafield>
        <datafield tag="856" ind1="0" ind2=" ">
            <subfield code="f">417849@celes.unizar.es</subfield>
        </datafield>
        <datafield tag="856" ind1="4" ind2=" ">
            <subfield code="s">929046</subfield>
            <subfield code="u">http://zaguan.unizar.es/record/11195/files/TAZ-TFM-2013-274.pdf</subfield>
            <subfield code="y">Memoria (spa)</subfield>
        </datafield>
        <datafield tag="909" ind1="C" ind2="O">
            <subfield code="o">oai:zaguan.unizar.es:11195</subfield>
            <subfield code="p">trabajos-fin-master</subfield>
            <subfield code="p">driver</subfield>
        </datafield>
        <datafield tag="950" ind1=" " ind2=" ">
            <subfield code="a"></subfield>
        </datafield>
        <datafield tag="980" ind1=" " ind2=" ">
            <subfield code="a">TAZ</subfield>
            <subfield code="b">TFM</subfield>
            <subfield code="c">FEDU</subfield>
        </datafield>
    </record>

    
</collection>